Countries That Start and End with 'A' Quiz Stats

 Plays Quiz Updated Nov 8, 2017

Score 0/9 Timer 01:00
2 Plays Today
Country % Correct
Australia
79.3%
Argentina
75.9%
Albania
74.6%
Austria
71.5%
Algeria
68.5%
Armenia
65.6%
Andorra
61.2%
Angola
60.5%
Antigua and Barbuda
43.9%

You're not logged in!

Compare scores with friends on all Sporcle quizzes.
OR
Log In

Sporcle TV

Today on Sporcle TV


Watch our educational content, quiz creation guides, and fun videos on Sporcle TV.

Show Comments

Extras

Top Quizzes Today


Score Distribution

Your Account Isn't Verified!

In order to create a playlist on Sporcle, you need to verify the email address you used during registration. Go to your Sporcle Settings to finish the process.

Report this User

Report this user for behavior that violates our Community Guidelines.

Details: